1437 1195 1475 1847 1278 1235 1507 1912 1209 1710 1142 1732 1956 1825 1634 1168 1519 1842 1667 1531 1798 1867 1827 1191 1538 1430 1834 1983 1730 1137 1574 1435 1669 1085 1965 1281 1382 1066 1927 1245 1159 1146 1837 1783 1937 1930 1225 1603 1640 1230 1305 1366 1659 1896 1690 1050 1817 1844 1326 1219 1546 1774 1513 1666 1065 1757 1407 1057 1555 1651 1095 1094 1899 1566 1564 1487 1934 1883 1637 1599 1444 1072 1479 1917 1083 1278 1270 1090 1311 1392 1441 1986 1139 1821 1417 1478 1775 1713 1680 BCNSPRNW ULIB Ver.6.0+V

เปลี่ยนเป็นภาษาไทย

Change to English
 แสดงรายละเอียดบรรณานุกรม
  กลับหน้าหลัก

Brief Record : Get Marc (ISO 2709) : E-mail record : QR code < ปิดหน้าต่าง
LEADER : 00000nam 2200000uu 4500
001    13399125855
003     ULIB
008    020711s2016 th a 000 0 eng d
020    ^a9780071829212
060    ^aWS39^bS-T
100    ^aShah, samir S.
245    ^aThe Philadelphia guide Inpatient pediatrics/^bShah, samir S.
250    ^a2nd ed
260    ^aPhiladelphia :^bMcGraw-hill,^c2016
300    ^a605 pages;^c22 cm
650    ^aPediatrics-Handbooks
945    ^p1457^l0^i003237
999    ^aประนอม เกษจรัล
รายการนี้ยังไม่มีแท็ก
คุณยังไม่ได้ล็อกอิน คุณสามารถมีกิจกรรมร่วมกับเว็บไซต์ได้ แต่ต้องล็อกอินก่อน ::
  ล็อกอิน

รายการสื่อสารสนเทศ

ลำดับที่ ประเภท เลขเรียก/บาร์โค้ด สถานที่ สถานะ
1. วิทยาศาสตร์การแพทย์ และสุขภาพ
หนังสือสำรอง
สถานะ=หนังสือสำรอง
WS39 S-T ฉ.1 
  Barcode: 003237
ห้องสมุดวิทยาเขตสวรรค์ประชารักษ์
►หนังสือทั่วไป
บนชั้น

BibComment


ยังไม่เคยถูกคอมเมนท์

คอมเมนท์ทรัพยากรรายการนี้
  คอมเมนท์: The Philadelphia..


 Copyright 2026. Bcnsprnw @Library